[Event "Baden-ch U1400"]
[Site "Walldorf"]
[Date "2017.07.30"]
[Round "7"]
[White "Im Brook, Jan"]
[Black "Gugau, Simon"]
[Result "1-0"]
[WhiteElo "1217"]
[BlackElo "1017"]
[PlyCount "41"]
[EventDate "2017.07.26"]
[EventType "swiss"]
[EventRounds "7"]
[EventCountry "GER"]
[SourceTitle "EXT 2018"]
[Source "ChessBase"]
[SourceDate "2017.10.13"]
[SourceVersion "1"]
[SourceVersionDate "2017.10.13"]
[SourceQuality "1"]

1. e4 e5 2. Nf3 Nc6 3. Bc4 Bc5 4. c3 Nf6 5. d4 exd4 6. cxd4 Bb4+ 7. Bd2 Bxd2+ 8. Nbxd2 0-0 9. 0-0 d6 10. h3 d5 11. exd5 Nxd5 12. Re1 Nf6 13. Nb3 Bf5 14. Rc1 Qd7 15. Bb5 a6 16. Ne5 Qd6 17. Bxc6 Bxh3 18. gxh3 bxc6 19. Rxc6 Qd5 20. Rxc7 Nh5 21. Qxh5 1-0